• 首页
  • 本馆介绍
  • 公告通知
  • 最新文献
  • 馆藏检索
  • 电子资源
  • 读者导购
  • 参考咨询
  • 我的图书馆
  • 登录
  • 详细信息显示
  • 放入我的书架
  • 预约/预借图书
  • 作者相关作品
  • 分类相关作品
  • 丛书相关作品
  • 出版社相关作品

书目信息

  • 表格格式
  • 工作单格式
  • 卡片格式
题名:
插画设计百例经典
    
 
作者: 朱琳珺 主编
分册:  
出版信息: 北京   东方出版社  2003.05
页数: 76页
开本: 28cm
丛书名: 欧美经典平面设计系列
单 册:
中图分类: J238.5
科图分类:
主题词: 绘画--世界 , 绘画--各国
电子资源:
ISBN: 7-80186-053-5
000 00683nam0 2200241 450
001 0757606482
005 20070602102841.94
010    @a7-80186-053-5@dCNY35.00
100    @a20070601d2003 km y0chiy0120 ea
101 0  @achi
102    @aCN@b310000
102    @aCN@b110000
200 1  @a插画设计百例经典@Acha hua she ji bai li jing dian@f朱琳珺主编@Fzhu lin jun zhu bian
210    @a北京@c东方出版社@d2003.05
215    @a76页@d28cm
225 2  @a欧美经典平面设计系列
410  0 @12001 @a欧美经典平面设计系列
606 0  @a绘画@x世界
606 0  @a绘画@y各国
690    @aJ238.5@v4
701  0 @a朱琳珺@Azhu lin jun@4主编
801  0 @aCN@bPFT@c20070602
905    @aBZT@dJ238.5@e1
    
    插画设计百例经典/朱琳珺主编.-北京:东方出版社,2003.05
    76页;28cm.-(欧美经典平面设计系列)
    
    
    ISBN 7-80186-053-5:CNY35.00
    
●
相关链接 在五车中查询图书 在当当中查询图书 在豆瓣中查询图书


正题名:插画设计百例经典     索取号:J238.5/1         预约/预借

序号 登录号 条形码 馆藏地/架位号 状态 备注
1 537434   230145484   中心书库中库/ 中库019架A面1列6层31/ [索取号:J238.5/1] 在馆    
2 537435   230145487   中心书库中库/ 中库018架A面3列4层40/ [索取号:J238.5/1] 在馆    
3 537436   230145486   中心书库中库/ 中库018架A面3列4层41/ [索取号:J238.5/1] 在馆    
4 537437   200447427   中心书库中库/ 中库018架A面3列4层42/ [索取号:J238.5/1] 在馆    
5 537438   230145483   中心书库中库/ 中库017架A面4列3层3/ [索取号:J238.5/1] 在馆    
山东省滨州职业学院图书馆 欢迎您!
大连网信软件有限公司© 版权所有